Mestá v centre pozornosti

Zachovanie si vlastnej identity v zmesi multikulturalizmu. Budovanie imidžu mesta. Efektívna komunikácia prostredníctvom public relations. Východisko komunálneho public relations - vypracovanie komplexnej komunikačnej stratégie. Pozicioning Košíc v oblasti cielenej komunikácie s verejnosťou.

Gespeichert in:
Bibliographische Detailangaben
1. Verfasser: Richnavská, Gabriela
Format: Buchkapitel
Sprache:Slowakisch
Schlagworte:
Tags: Tag hinzufügen
Keine Tags, Fügen Sie das erste Tag hinzu!

MARC

LEADER 00000naa$a2200000$$$4500
001 0007220
005 20231004064710.1
041 0 |a slo 
044 |a SK 
245 1 0 |a Mestá v centre pozornosti  |c aut. Gabriela Richnavská 
520 |a Zachovanie si vlastnej identity v zmesi multikulturalizmu. Budovanie imidžu mesta. Efektívna komunikácia prostredníctvom public relations. Východisko komunálneho public relations - vypracovanie komplexnej komunikačnej stratégie. Pozicioning Košíc v oblasti cielenej komunikácie s verejnosťou. 
610 2 0 |a mestá 
610 2 0 |a imidž 
610 2 0 |a komunikácia 
610 2 0 |a práca s verejnosťou 
100 1 |a Richnavská, Gabriela